Encyclopaedia Of The Application Of Hyperbolic Functions To Electrical Engineering Problems (Record no. 580116)

MARC details
000 -LEADER
fixed length control field 00506nam a2200169 a 4500
008 - FIXED-LENGTH DATA ELEMENTS--GENERAL INFORMATION
fixed length control field 250811s2025##################000#0#eng##
020 ## - INTERNATIONAL STANDARD BOOK NUMBER
ISBN 9781781546093
082 04 - DEWEY DECIMAL CLASSIFICATION NUMBER
Classification number 517.5
Item number CHE
100 ## - MAIN ENTRY--AUTHOR NAME
Personal name Chen,kai
245 10 - TITLE STATEMENT
Title Encyclopaedia Of The Application Of Hyperbolic Functions To Electrical Engineering Problems
Statement of responsibility, etc Kai Chen (Contributor), Yagang Zhang
250 ## - EDITION STATEMENT
Edition statement 1st
260 ## - PUBLICATION, DISTRIBUTION, ETC. (IMPRINT)
Place of publication London
Name of publisher Auris Reference
Year of publication 2015
300 ## - PHYSICAL DESCRIPTION
Number of Pages 250p
650 ## - SUBJECT ADDED ENTRY--TOPICAL TERM
Topical Term Mathematics
942 ## - ADDED ENTRY ELEMENTS (KOHA)
Koha item type English Books
Holdings
Withdrawn status Lost status Damaged status Not for loan Home library Current library Shelving location Date acquired Full call number Accession Number Price effective from Koha item type
        Anna Centenary Library Anna Centenary Library 5TH FLOOR, A WING 11.08.2025 517.5 CHE 605915 11.08.2025 English Books
        Anna Centenary Library Anna Centenary Library 5TH FLOOR, A WING 11.08.2025 517.5 CHE 605916 11.08.2025 English Books

Find us on the map